| 000 | 00980nam a22002657a 4500 | ||
|---|---|---|---|
| 003 | DO-SdBNP | ||
| 005 | 20160705133339.0 | ||
| 008 | 160429b 2000 dr||||| |||| 00| 0 spa d | ||
| 020 | _a9945444492 | ||
| 040 |
_aBPMSU _bspa _cBPMSU |
||
| 092 |
_a372.257 _bV335c 6to. [20--] |
||
| 100 | 1 | 0 | _aVásquez Güichardo, Julia Mery |
| 245 | 1 | 0 |
_aCiencias de la naturaleza 6 : _b[educación básica] / _cJulia Mery Vásquez Güichardo, Andrea Griselda Rincón Ozuna |
| 260 |
_aSanto Domingo : _bActualidad escolar 2000 _c2000 |
||
| 300 |
_a2v. : _bil. : _c28 cm |
||
| 500 | _3Libro del maestro | ||
| 650 | 4 |
_aCIENCIAS NATURALES _xENSEÑANZA BÁSICA |
|
| 650 | 4 |
_aCIENCIAS NATURALES _xEDUCACIÓN PRIMARIA |
|
| 650 | 4 |
_aCIENCIAS NATURALES _xLIBROS DE TEXTOS |
|
| 650 | 4 |
_aCIENCIAS NATURALES _xESTUDIOS Y EJERCICIOS |
|
| 650 | 4 |
_aEDUCACIÓN PRIMARIA _2REPÚBLICA DOMINICANA |
|
| 700 | 1 | 2 | _aRincón Ozuna, Andrea Griselda |
| 942 |
_2ddc _cBK |
||
| 956 | _adaysi garcia | ||
| 999 |
_c10035 _d10035 |
||